Vista normal Vista MARC

Entrada Personal Name

Número de registros utilizados en: 1

001 - CONTROL NUMBER

  • control field: 64362

003 - CONTROL NUMBER IDENTIFIER

  • control field: OSt

005 - DATE AND TIME OF LATEST TRANSACTION

  • control field: 20250829155706.0

008 - FIXED-LENGTH DATA ELEMENTS

  • fixed length control field: 250829|| aca||aabn | a|a d

040 ## - CATALOGING SOURCE

  • Original cataloging agency: OSt
  • Transcribing agency: OSt

100 ## - HEADING--PERSONAL NAME

  • Personal name: Rousseau, Jean-Jacques
  • Title of a work: El contrato social
  • General subdivision: Critica e interpretación

670 ## - SOURCE DATA FOUND

  • Source citation: Work cat.: (OSt)58904: Rousseau, Jean-Jacques aut 64361, El contrato social /









Instituto Departamental de Cultura del Meta - Red Departamental de Bibliotecas Públicas del Meta.